| 000 -LEADER |
| fixed length control field |
01179pam a2200313 a 4500 |
| 001 - CONTROL NUMBER |
| control field |
4751796 |
| 005 - DATE AND TIME OF LATEST TRANSACTION |
| control field |
20230103194309.0 |
| 008 - FIXED-LENGTH DATA ELEMENTS--GENERAL INFORMATION |
| fixed length control field |
851001s1986 nyua b 001 0 eng |
| 010 ## - LIBRARY OF CONGRESS CONTROL NUMBER |
| LC control number |
85024212 |
| 020 ## - INTERNATIONAL STANDARD BOOK NUMBER |
| International Standard Book Number |
0070684766 (pbk.) |
| 035 ## - SYSTEM CONTROL NUMBER |
| -- |
(DLC) 85024212 |
| 040 ## - CATALOGING SOURCE |
| Original cataloging agency |
DLC |
| Transcribing agency |
DLC |
| Modifying agency |
DLC |
| 050 00 - LIBRARY OF CONGRESS CALL NUMBER |
| Classification number |
TA403 |
| Item number |
.W34 1986 |
| 082 00 - DEWEY DECIMAL CLASSIFICATION NUMBER |
| Classification number |
691 |
| Edition number |
19 |
| 100 1# - MAIN ENTRY--PERSONAL NAME |
| Personal name |
Watson, Don A. |
| Fuller form of name |
(Don Arthur), |
| Dates associated with a name |
1913- |
| 245 10 - TITLE STATEMENT |
| Title |
Construction materials and processes / |
| Statement of responsibility, etc. |
Don A. Watson. |
| 250 ## - EDITION STATEMENT |
| Edition statement |
3rd ed. |
| 260 ## - PUBLICATION, DISTRIBUTION, ETC. |
| Place of publication, distribution, etc. |
New York : |
| Name of publisher, distributor, etc. |
Gregg Division, McGraw-Hill, |
| Date of publication, distribution, etc. |
c1986. |
| 300 ## - PHYSICAL DESCRIPTION |
| Extent |
ix, 486 p. : |
| Other physical details |
ill. ; |
| Dimensions |
28 cm. |
| 504 ## - BIBLIOGRAPHY, ETC. NOTE |
| Bibliography, etc. note |
Includes bibliographies and index. |
| 650 #0 - SUBJECT ADDED ENTRY--TOPICAL TERM |
| Topical term or geographic name entry element |
Building materials. |
| 650 #0 - SUBJECT ADDED ENTRY--TOPICAL TERM |
| Topical term or geographic name entry element |
Building. |
| 856 42 - ELECTRONIC LOCATION AND ACCESS |
| Materials specified |
Publisher description |
| Uniform Resource Identifier |
<a href="http://www.loc.gov/catdir/description/mh031/85024212.html">http://www.loc.gov/catdir/description/mh031/85024212.html</a> |
| 856 41 - ELECTRONIC LOCATION AND ACCESS |
| Materials specified |
Table of contents |
| Uniform Resource Identifier |
<a href="http://www.loc.gov/catdir/toc/mh031/85024212.html">http://www.loc.gov/catdir/toc/mh031/85024212.html</a> |
| 856 42 - ELECTRONIC LOCATION AND ACCESS |
| Materials specified |
Contributor biographical information |
| Uniform Resource Identifier |
<a href="http://www.loc.gov/catdir/enhancements/fy0737/85024212-b.html">http://www.loc.gov/catdir/enhancements/fy0737/85024212-b.html</a> |
| 906 ## - LOCAL DATA ELEMENT F, LDF (RLIN) |
| a |
7 |
| b |
cbc |
| c |
orignew |
| d |
1 |
| e |
ocip |
| f |
19 |
| g |
y-gencatlg |
| 925 0# - |
| -- |
acquire |
| -- |
1 shelf copy |
| -- |
policy default |
| 991 ## - |
| -- |
c-GenColl |
| -- |
TA403 |
| -- |
.W34 1986 |
| -- |
Copy 1 |
| -- |
BOOKS |